| 000 | 00677nam a22002177a 4500 | ||
|---|---|---|---|
| 999 |
_c16639 _d16639 |
||
| 003 | AR-CdUCM | ||
| 008 | 190504b ||||| |||| 00| 0 esp d | ||
| 040 |
_aMUNICIPALIDAD PROVINCIAL DEL CUSCO _cBIBLIOTECA MUNICIPAL DEL CUSCO |
||
| 082 |
_a868.534 / _bV162 |
||
| 100 |
_aValera, Juan _97796 |
||
| 245 |
_aJuanita La Larga / _cJuan Valera |
||
| 260 |
_aMadrid : _bSalvat, _c1970. |
||
| 300 |
_a185 páginas ; _c20 cm. |
||
| 440 |
_aBiblioteca básica Salvat. Libros RTV ; _936202 |
||
| 505 | _aContenido: Novela | ||
| 650 |
_aNovelas españolas _9584 |
||
| 650 |
_aSiglo XX. _98 |
||
| 700 |
_aGaragorri, Paulino, _936203 |
||
| 942 |
_2ddc _cLIBROS |
||
| 945 |
_aacrt _d2019-05-03 |
||